| 000 | 01017cam a2200193 4500 | ||
|---|---|---|---|
| 001 | WB3936-16 | ||
| 008 | 030925n2003 000 0 eng u | ||
| 035 | _a(Sirsi) u123725 | ||
| 245 | _aPlanning and Compulsory Purchase Bill briefing notes | ||
| 260 | _c2003 | ||
| 520 | _aThe ODPM has published three detailed notes on aspects of the Planning and Compulsory Purchase Bill. They cover secondary legislation arising from the Bill, the crown immunity provisions and the compulsory purchase provisions. The Bill is available at http://www.parliament.the-stationery-office.co.uk/pa/cm200203/cmbills/012/2003012.htm and the notes at http://www.odpm.gov.uk/stellent/groups/odpm_control/documents/contentservertemplate/odpm_index.hcst?n=2155&l=2. | ||
| 590 | _aWB | ||
| 650 |
_aCompulsory purchase _96228 |
||
| 650 | _aCROWN IMMUNITY | ||
| 650 | _aPLANNING AND COMPULSORY PURCHASE ACT 2004 | ||
| 650 | _aSECONDARY LEGISLATION | ||
| 690 | _aENVIRONMENTAL AND LAND CONSULTANCY-PLANNING AND DEVELOPMENT | ||
| 942 | _n0 | ||
| 999 |
_c73461 _d73461 |
||